[Event "Santiago de los Caballeros op"]
[Site "Santiago de los Caballeros"]
[Date "2015.11.06"]
[Round "1"]
[White "Castillo Rivera, Nelson Javier"]
[Black "Abreu Rodriguez, Juan Luis"]
[Result "1-0"]
[WhiteElo "2058"]
[BlackElo "1692"]
[PlyCount "31"]
[EventDate "2015.11.06"]
[EventType "swiss"]
[EventRounds "6"]
[EventCountry "DOM"]
[SourceTitle "CBM 169 Extra"]
[Source "ChessBase"]
[SourceDate "2015.12.18"]
[SourceVersion "1"]
[SourceVersionDate "2015.12.18"]
[SourceQuality "1"]

1. e4 e5 2. Nf3 Nc6 3. Bb5 a6 4. Ba4 b5 5. Bb3 Nf6 6. d4 Nxe4 7. dxe5 Bc5 8. Qd5 Bxf2+ 9. Ke2 0-0 10. Qxe4 Bb6 11. Bd5 Bb7 12. c3 h6 13. Bf4 Qe7 14. Re1 Rfe8 15. Kf1 g5 16. Qg6+ 1-0

[Event "DOM-ch"]
[Site "Santo Domingo"]
[Date "2015.05.09"]
[Round "6"]
[White "Castillo Rivera, Nelson Javier"]
[Black "Moncion Ventura, Angel Luis"]
[Result "1-0"]
[WhiteElo "2069"]
[BlackElo "1950"]
[PlyCount "75"]
[EventDate "2015.05.01"]
[EventType "swiss"]
[EventRounds "11"]
[EventCountry "DOM"]
[SourceTitle "CBM 166 Extra"]
[Source "ChessBase"]
[SourceDate "2015.06.18"]
[SourceVersion "1"]
[SourceVersionDate "2015.06.18"]
[SourceQuality "1"]

1. e4 c5 2. Nf3 e6 3. d4 cxd4 4. Nxd4 a6 5. Be3 Qc7 6. Nd2 Nf6 7. Bd3 b6 8. 0-0 Bb7 9. c4 d6 10. Rc1 Nbd7 11. f3 h5 12. Qe2 Be7 13. Rfe1 h4 14. Nf1 Nc5 15. Bc2 Rc8 16. b4 Ncd7 17. Ba4 0-0 18. Bg5 h3 19. gxh3 Ne5 20. Bb3 Nh5 21. Be3 Ng6 22. Qd2 Bh4 23. Red1 Rfd8 24. Qg2 Qe7 25. Ne2 b5 26. cxb5 Rxc1 27. Rxc1 axb5 28. Nfg3 Nf6 29. Nd4 d5 30. e5 Nxe5 31. Ngf5 exf5 32. Nxf5 Nxf3+ 33. Kh1 Qf8 34. Bc5 g6 35. Bxf8 Kxf8 36. Qxf3 gxf5 37. Qxf5 d4+ 38. Kg1 1-0